00402nam a2200121Ia 4500003000400000005001700004008004100021040001800062041000800080100005100088245010700139260003400246OSt20260123095647.0211028s2016 xx 000 0 und d cAIMIT LIBRARY aeng aD Souza, Babitha Reena; Thomas, Babu.g1416025 aStudy on recruitment and selection with reference t Justice K S Hegde Hospital Deralakatte Mangalore / aMangalorebBabu Thomas.c2016